000 01259nam a2200277Ia 4500
003 OSt
005 20230613163036.0
008 210210b2016 xxu||||| |||| 00| 0 eng d
040 _cAL
041 _akan
082 _a954.8711K VIVM
100 _aViveka Rai B A: ವಿವೇಕ ರೈ ಬಿ ಎ Ed
_9123817
245 _aMangaluru Darshana samputa 1:
_bಮಂಗಳೂರು ದರ್ಶನ ಸಂಪುಟ ೧
260 _aMangaluru
_bMangaluru Nagarabhivraddhi Pradhikara
_c2016
300 _axxi,734p.
_bHB
_c25x18cm.
365 _2Kannada
_b500.00
_c
_d500.00
440 _nVol.1
_9123832
650 _aMangaluru Bhupradesha mattu Parisara: ಮಂಗಳೂರು ಭೂಪ್ರದೇಶ ಮತ್ತು ಪರಿಸರ
_9123818
650 _aMangaluru Aithihasika Parmpare: ಮಂಗಳೂರು ಐತಿಹಾಸಿಕ ಪರಂಪರೆ
_9123819
650 _2Dharmika Kendragalu: ಧಾರ್ಮಿಕ ಕೇಂದ್ರಗಳು
650 _aSangha Samsthegalu: ಸಂಘ ಸಂಸ್ಥೆಗಳು
_9123829
650 _aSamskrati mattu Kale: ಸಂಸ್ಕ್ರತಿ ಮತ್ತು ಕಲೆ
_9123830
700 _aRAI (Viveka B A): ರೈ (ವಿವೇಕ ಬಿ ಎ) Ed
_9123828
906 _a070554
942 _2ddc
_cBK
999 _c119963
_d119963